01214nam a2200265 i 4500001001000000003000900010005001700019007000300036008004100039040003000080082001700110100005100127245007300178264004900251300002500300336002700325337003300352338002800385590002700413910001400440942001400454952021800468952024500686999001700931000046423DO-SdBNP20241028115536.0ta150811s19-- dr 000 0 spa d aDO-SdBNPbspacBNPHUerda axxbD473222 4aut.aDespradel, Fidelio,d1937-974070eautor10aSanto Domingo :b¿evolución o revolución? /cFidelio Despradel. 1aSanto Domingo :bEditora Nacional, c[1970]. a74 páginasc17 cm. atextobtxt2rdacontent asin mediaciónbn2rdamedia avolumenbnc2rdacarrier aInventariado, 2024/ YL aYLockward 2ddccLBS1 00102ddc51708PDaBNPHUbBNPHUcHDd2014-06-02eDonación iLF1l0oBNPHU PD p46423-10r2020-06-25w2020-06-25yLBS1zPerteneció a la biblioteca personal de Chiqui Vicioso / Fidelio Despradel.ZNo se presta 00102ddc51708PDaBNPHUbBNPHUcHDd2023-12-01eDonado por la Presidencia de la República Dominicana 2023iLF1l0oBNPHU PD p2024-6290r2024-10-30te. 2w2024-10-30yLBS1zPerteneció a la biblioteca personal de Emilio Cordero Michel c45912d45912